[Event "DSOL 07 Liga Gr-D 1st"]
[Site "Playchess.com INT"]
[Date "2020.07.14"]
[Round "4.3"]
[White "Klahold, Rona"]
[Black "Buethe, Till Bastian"]
[Result "0-1"]
[WhiteElo "1552"]
[BlackElo "1510"]
[PlyCount "106"]
[EventDate "2020.06.22"]
[EventType "team-tourn (rapid)"]
[EventCountry "GER"]
[SourceTitle "EXT 2021"]
[Source "ChessBase"]
[SourceDate "2020.10.23"]
[SourceVersion "1"]
[SourceVersionDate "2020.10.23"]
[SourceQuality "1"]
[WhiteTeam "Paderborn Blauer Springer III"]
[BlackTeam "Ratzeburg"]
[WhiteTeamCountry "GER"]
[BlackTeamCountry "GER"]

1. d4 Nf6 2. Bf4 e6 3. e3 c5 4. c3 d5 5. Nd2 Bd6 6. Bg3 Nc6 7. Ngf3 b6 8. Bd3 Bb7 9. Qe2 0-0 10. Ne5 Ne7 11. Ndf3 Nf5 12. Bc2 Be7 13. Qd3 Ne4 14. Nd2 Nfd6 15. f3 c4 16. Qe2 Nxg3 17. hxg3 Nf5 18. Rh3 f6 19. Ng4 h5 20. Nf2 Qe8 21. g4 hxg4 22. Nxg4 Bd6 23. 0-0-0 b5 24. Rdh1 Kf7 25. Qe1 b4 26. e4 Ng3 27. Rg1 bxc3 28. bxc3 Bf4 29. Rxg3 Bxg3 30. Qxg3 Qe7 31. e5 Qa3+ 32. Kd1 Qxc3 33. exf6 Qa1+ 34. Nb1 Qxd4+ 35. Ke2 e5 36. Nxe5+ Qxe5+ 37. Qxe5 Rae8 38. Qxe8+ Rxe8+ 39. Kd2 Kxf6 40. Nc3 d4 41. Ne4+ Bxe4 42. Bxe4 Rb8 43. Kc2 Ke5 44. g3 Rh8 45. Rg2 Rh1 46. Ba8 d3+ 47. Kc3 Rc1+ 48. Kb2 Re1 49. Rd2 Kd4 50. Rh2 Re2+ 51. Kc1 Rxh2 52. Be4 c3 53. a4 Rh1# 0-1